000 00278nam a2200121 i 4500
001 bg
245 0 _aWho's who in science in Europe.
_nVol. [1],
_pA-G.
260 _aLondon,
_c1984.
040 _cBPK
041 _apol
942 _cKS
008 s pl f |000 0 pol
999 _c28265
_d28265